Brainstorming ako metóda tvorivosti a kultúra správania
Charakteristika a princípy brainstormingu. Brainstormingová porada - odložené posudzovanie nápadov, voľný rozlet myšlienok, množstvo nápadov, kombinovanie a rozvíjanie myšlienok. Organizácia porady. Brainstorming a kultúra správania v organizácii. Použitie zásad brainstormingu v parlamente.
Salvato in:
| Autore principale: | |
|---|---|
| Natura: | Capitolo di libro |
| Lingua: | slovacco |
| Soggetti: | |
| Tags: |
Nessun Tag, puoi essere il primo ad aggiungerne!!
|
MARC
| LEADER | 00000naa a2200000 4500 | ||
|---|---|---|---|
| 001 | r019782 | ||
| 005 | 20221213100731.8 | ||
| 041 | 0 | |a slo | |
| 044 | |a SK | ||
| 245 | 1 | 0 | |a Brainstorming ako metóda tvorivosti a kultúra správania |c Štefan Červeňan |
| 520 | |a Charakteristika a princípy brainstormingu. Brainstormingová porada - odložené posudzovanie nápadov, voľný rozlet myšlienok, množstvo nápadov, kombinovanie a rozvíjanie myšlienok. Organizácia porady. Brainstorming a kultúra správania v organizácii. Použitie zásad brainstormingu v parlamente. | ||
| 610 | 2 | 0 | |a brainstorming |
| 610 | 2 | 0 | |a porady |
| 610 | 2 | 0 | |a správanie |
| 610 | 2 | 0 | |a kreativita |
| 610 | 2 | 0 | |a parlamenty |
| 100 | 1 | |a Červeňan, Štefan | |